Política sexual.
Збережено в:
| Автор: | |
|---|---|
| Інші автори: | |
| Формат: | Книга |
| Мова: | Іспанська |
| Опубліковано: |
Madrid, España.
Ediciones Cátedra; Universitat de València,
2019.
|
| Редагування: | Cuarta edición. |
| Серія: | Feminismos.
|
| Предмети: | |
| Теги: |
Додати тег
Немає тегів, Будьте першим, хто поставить тег для цього запису!
|
MARC
| LEADER | 00000cam a2200000 a 4500 | ||
|---|---|---|---|
| 001 | UCC9498 | ||
| 003 | CL-VaPUC | ||
| 005 | 20250407202433.0 | ||
| 008 | 191004e20190000sp |||||||||||||||||spa|d | ||
| 999 | |c 375678 |d 375676 | ||
| 020 | |a 9788437637372 | ||
| 040 | |c Pontificia Universidad Católica de Valparaíso | ||
| 082 | 0 | 4 | |a 305.42 MIL 2019 |2 21 |
| 100 | |a Millett, Kate |e autora |9 604603 | ||
| 245 | 1 | 0 | |a Política sexual. |
| 250 | |a Cuarta edición. | ||
| 260 | |a Madrid, España. |b Ediciones Cátedra; |b Universitat de València, |c 2019. | ||
| 300 | |a 634 páginas. | ||
| 490 | |a Feminismos. | ||
| 500 | |a c.2. Instituto Arcos 8-1-2025. | ||
| 583 | |a last modification |c 20191004 13:59:00 |k Rodrigo Vera | ||
| 650 | |a Mujeres |x Historia |y 1600- |9 896901 | ||
| 650 | |a Feminismo |x Historia |9 887622 | ||
| 650 | |a Mujeres en la literatura |x Historia |9 896902 | ||
| 700 | |a Moreno, Amparo |e prólogo a la edición española |9 896903 | ||
| 942 | |c BK |2 ddc |n 0 | ||
| 945 | |d 20191004 13:59:00 |a cmena | ||
| 952 | |0 0 |1 0 |2 ddc |3 erb |4 0 |6 305_420000000000000_MIL_2019 |7 0 |8 A |9 494687 |a BIBEDU |b BIBEDU |d 2019-10-01 |e 14 |g 35900.00 |i 5562570 |l 5 |m 1 |o 305.42 MIL 2019 |p 5562570 |r 2023-06-29 |s 2023-06-19 |v 35900.00 |w 2019-11-24 |y BK |z Catalogado en:20191004 |k LIT | ||
| 952 | |0 0 |1 0 |2 ddc |4 0 |6 305_420000000000000_MIL_2019 |7 0 |8 A |9 601311 |a BIBINC |b BIBINC |d 2025-03-17 |e Instituto Arcos |i 5666204 |o 305.42 MIL 2019 |p 5666204 |r 2025-03-17 |t 2 |w 2025-03-17 |y BK |k IFP | ||